000 00393nam a2200145Ia 4500
008 151213s9999 xx 000 0 und d
100 _aAfalur Rashid & Aminul Islam
245 _aBasic accounting
_cAfalur Rashid & Aminul Islam
260 _aDhaka
_bVenus
_c2002
300 _a1332 p.
650 _aAccounting
650 _aAccounting
700 _aAfalur Rashid & Aminul Islam
999 _c1097
_d1097